000 00330nam a2200133Ia 4500
008 260604s9999 xx 000 0 und d
020 _a9781529772982
082 _a302 MAC
100 _aMACHIN
_935204
245 0 _aHOW TO DO CRITICAL DISCOURSE ANALYSIS 2/ED
260 _bSAGE
500 _aCommunication, Discourse
942 _cBK
999 _c7966
_d7966